Stochastic optimization : proceedings of international conference, Kiev, 1984

Αποθηκεύτηκε σε:
Λεπτομέρειες βιβλιογραφικής εγγραφής
Συλλογικό Έργο: International Institute for Applied Systems Analysis, International Confernce on Stochastic Optimization
Άλλοι συγγραφείς: Arkin, V. I. (Vadim Iosifovich), 1937- (Επιμελητής έκδοσης), Wets, Roger (Επιμελητής έκδοσης), Shiriaev, A. N. (Albert Nikolaevich) (Επιμελητής έκδοσης)
Μορφή: Βιβλίο
Γλώσσα:English
Δημοσίευση: Berlin : Springer-Verlag, 1986.
Σειρά:Lecture notes in control and information sciences ; 81
Θέματα:
Ετικέτες: Προσθήκη ετικέτας
Δεν υπάρχουν, Καταχωρήστε ετικέτα πρώτοι!

MARC

LEADER 00000cam a2200000 i 4500
001 1/63908
008 941103s1986####gw | ||| |||| ||eng||
020 |a 3540166599 
035 |a 1993  |l 10046871 
040 |a GR-MyUA  |b gre  |e AACR2 
041 0 |a eng 
082 0 |a 629.8312  
245 1 0 |a Stochastic optimization :   |b proceedings of international conference, Kiev, 1984 /   |c edited by V.I. Arkin, A. Shiraev, R. Wets.  
260 |a Berlin :   |b Springer-Verlag,   |c 1986.  
300 |a 754 σ. ;   |c 25 εκ.  
490 1 |a (Lecture notes in control and information science   |v ; 81)  
500 |a Papers presented at the International Conference on the Stochastic Optimizaqtion held at kiev, USSR in Sept. 1984 and sponsored by the Committee for Systems Analysis of the USSR Academy of Sciences and others. 
650 0 0 |a Control theory  |x Congresses. 
650 0 0 |a Stochastic processes  |x Congresses. 
700 1 |a Arkin, V. I.   |q (Vadim Iosifovich),   |d 1937-  |e edt 
700 1 |a Wets, Roger,  |e edt 
700 1 |a Shiriaev, A. N.   |q (Albert Nikolaevich)  |e edt 
710 2 |a International Institute for Applied Systems Analysis. 
710 1 |a International Confernce on Stochastic Optimization. 
830 0 |a Lecture notes in control and information sciences ;  |v  81 
852 |a INST  |b SAMOS  |e 19941103  |h 629.8312 STO  |p 005300003154  |q 005300003154  |t BK  |y 0 
909 |a Σ  |b 026929